000 00437nmm a2200145Ia 4500
008 251105s9999||||xx |||||||||||||||||und||
041 _aspa
100 _aPérez Triviño, José Luis
245 0 _aLos juicios de Nuremberg
264 _a[Madrid, España] :
_bUniversitat Oberta de Catalunya,
_c2015
300 _a104 páginas
650 _aHistory of Europe
856 _uhttps://public.digitaliapublishing.com/a/44007
942 _cCF
999 _c105742
_d105742